Drapeaux des états américains - Statistiques

Statistiques générales
  • Ce quiz a été pris 243 fois
  • Le résultat moyen est 6 sur 10
Statistiques - réponses
Par images Réponse % Correct
Texas
92%
Californie
91%
Alaska
67%
Colorado
66%
Nouveau Mexique
53%
Arizona
50%
Caroline du sud
43%
Maryland
41%
Oklahoma
35%
Michigan
25%
Aucun quiz correspondant
Distribution des résultats
% des personnes avec chaque résultat
Percentile par nombre de réponses
Votre historique - résultats
Vous n’avez pas pris ce quiz